Things with double letters - Statistics

General Stats
  • This quiz has been taken 32 times
  • The average score is 8 of 18
Answer Stats
Hint Answer % Correct
U.S city with the Space Needle Seattle
90%
Inventor of the Telephone Alexander Graham Bell
87%
U.S president during the Cuban Missile Crisis John F. Kennedy
80%
Capital of Wales Cardiff
73%
Han Solo's hairy companion Chewbacca
73%
Baltic capital city Tallinn
63%
The most basic unit of life Cell
53%
Tailbone Coccyx
50%
Second largest city in Greece Thessaloniki
50%
Measured by a thermometer or earned from diplomas Degrees
43%
Capital City starting with the letter U Ulaanbataar
33%
Roman equivalent of Dionysus Bacchus
27%
Colony that the United States acquired from Spain in 1898 Philippines
23%
Smallest of the 8 main Hawaiian islands Kaho'olawe
17%
Leader of South Korea during the Korean War Syngman Rhee
13%
A colored weapon or a city in Northwest Territories of Canada Yellowknife
13%
Landform that is a tall, flat topped, steep tower of rock Butte
7%
1st class Hall of Fame baseball player with the second most hits of all time Tyrus Cobb
7%
No matching quizzes found
Score Distribution
Percent of People with Each Score
Percentile by Number Answered
Your Score History
You have not taken this quiz